The problem of creating false ideas about God in the family

Podrobná bibliografia
Hlavný autor: Tománek, Pavol, 1982- (Autor)
Médium: Článok
Jazyk:slovenčina

MARC

LEADER 00000nab a2200000 a 4500
001 vtls011111537
003 SK-MaSNL
005 20260303131128.0
008 230218|2012 xo |||||||||||||||||slo|
015 |a SNBRB 
035 |a (uuid)de1677c6-19bd-4a3d-a9e7-b699d0899a15 
035 |a (urnnbn)urn:nbn:sk:snk:ar-a08fhv 
035 |a urn:nbn:sk:snk-ab9i4a 
040 |a SNKBUCL  |b slo  |c SNKBUCL  |e AACR2 
041 0 |a slo 
044 |a xo  |c SK 
100 1 |a Tománek, Pavol,  |d 1982-  |4 aut  |9 151963 
245 1 4 |a The problem of creating false ideas about God in the family  |c Pavol Tománek 
246 3 |a Das Problem der falschen Ideebildung von Gott in der Familie 
246 3 |a Problém vytvárania falošných predstáv o Bohu v rodine 
773 0 |t Disputationes scientificae Universitatis catholicae in Ružomberok  |g Roč. 12, č. 3 (2012), s. 167-180 
954 |a odborná, vedecká literatúra pôvodná (slovenská)  |2 lita 
958 |a OND 
958 |a EUIPO 
958 |a article13 
999 |c 1943771  |d 1945701